Komu neprajú kompenzácie jedno zo zákonných opatrení, ktoré pôsobí dobre väčšinou iba na papieri, ale v každodennom živote ľuďom nič neprináša

Bibliographic Details
Main Author: Piršelová, Dagmar (Author)
Format: Article
Language:Slovak
ISSN:1335-4124
Subjects:

MARC

LEADER 00000nab a2200000 a 4500
001 vtls000692609
003 SK-MaSNL
005 20260302180319.0
008 180206c1999 xo 0 slo
015 |a SNBRB1999/06-14783 
035 |a CLN000044776 
040 |a SNKBUCL  |b slo  |c SNKBUCL  |e AACR2 
041 0 |a slo 
044 |a xo  |c SK 
080 |a 336.215.1  |2 UDC-MRF-SK2 
100 1 |a Piršelová, Dagmar  |4 aut  |9 194806 
245 1 0 |a Komu neprajú kompenzácie  |b jedno zo zákonných opatrení, ktoré pôsobí dobre väčšinou iba na papieri, ale v každodennom živote ľuďom nič neprináša  |c Dagmar Piršelová 
650 0 7 |a daň z príjmov zo závislej činnosti a funkčných požitkov  |x kompenzácie  |2 snkbucl  |9 889184 
650 0 7 |a kompenzácie  |2 snkbucl  |9 889185 
655 7 |a články z novín a časopisov  |2 snkbucl  |9 267496 
773 0 |x 1335-4124  |t Hospodársky denník  |g Roč. 1, č. 74 (2.6.1999), s. 1 a 4 
850 |a Slovenská národná knižnica v Martine 
852 |a SNK  |b KIS3GCP 
958 |a RBX 
999 |c 1410118  |d 1412048